00398 2200169 4500245004000000020002200040250001100062100001500073700001300088650001600101005001900117260003800136041001400174084000800188300002300196336000900219 aBukan Cinta BiasacRia SorayahText a978-979-911-440-2 aCet. 1 aRia Soraya aRini Bee aNovel Fiksi a20230112104540 aYogyakartabMedia Pressindoc2014 aIndonesia a813 a180 hlm. :c19 cm. atext